Score 0/11 Timer 02:00
1 Play Today
#1 Hit Song Missing Word % Correct
_____, Bills, BillsBills
94.2%
...Baby _____ More TimeOne
93.5%
_____ la Vida LocaLivin'
91.3%
Wild Wild _____West
90.7%
_____ in a BottleGenie
88.6%
If You Had My _____Love
70.7%
No _____Scrubs
61%
Angel of _____Mine
43.7%
Heart_____Breaker
36.7%
Have You _____?Ever
28.7%
I'm Your _____Angel
17.9%

Today's Daily Dose

Missing Word
I Hardly Know Her!

Word Ladder
Sentence Ending

Quick Pick
Female Firsts

Get the Picture
Triathlon Sports

Remove Ads.
Support Sporcle.
Get the best of Sporcle when you Go Orange. This ad-free experience offers more features, more stats, and more fun while also helping to support Sporcle. Thank you for becoming a member.

You're not logged in!

Compare scores with friends on all Sporcle quizzes.
OR
Log In

Show Comments

Extras

Top Quizzes Today


Score Distribution

Your Account Isn't Verified!

In order to create a playlist on Sporcle, you need to verify the email address you used during registration. Go to your Sporcle Settings to finish the process.

Report this User

Report this user for behavior that violates our Community Guidelines.

Details: